Proceedings of the International Consensus Meeting on Periprosthetic Joint Infection (Registro nro. 308624)

Detalles MARC
000 -ENCABEZADO
Número de control [NR] 01191cam a2200313Mi 4500
001 - NÚMERO DE CONTROL
control field ocn875284962
005 - FECHA Y HORA DE LA ÚLTIMA TRANSACCIÓN
control field 20211209140818.0
008 - DE LONGITUD FIJA DE DATOS DE ELEMENTOS - INFORMACIÓN GENERAL
Elementos de longitud fija [NR] 171115s2013 xxua f 100 0 eng d
020 ## - NUMERO INTERNACIONAL NORMALIZADO PARA LIBROS [R]
Número Internacional Normalizado del libro [NR] 9781574001471
020 ## - NUMERO INTERNACIONAL NORMALIZADO PARA LIBROS [R]
Número Internacional Normalizado del libro [NR] 1574001477
035 ## - NUMERO DE CONTROL DEL SISTEMA [R]
Número de control del sistema [NR] (OCoLC)875284962
040 ## - FUENTE DE CATALOGACION [NR]
Agencia de catalogación original [NR] Co-BoUCM
Idioma de catalogación [NR] spa
Quien Cataloga Deissy Garcia (modificó)
Quien Clasifica Saul Niño
041 0# - CODIGO DE IDIOMA [R]
Código de idioma para texto/pista de sonido o título separado [R] Inglés
060 ## - SIGNATURA TOPOGRAFICA DE LA BIBLIOTECA NACIONAL DE MEDICINA (NLM) [R]
Número clasificador [R] WE 860
080 ## - NUMERO DE CLASIFICACION DECIMAL UNIVERSAL (CDU) [R]
Número de la Clasificación Decimal Universal [NR] 616.7
111 2# - ASIENTO PRINCIPAL--NOMBRE DE REUNION [NR]
Nombre de reunión o de jurisdicción como elemento de entrada [NR] International Consensus Meeting on Periprosthetic Joint Infection
Fecha de la reunión [NR] (2013 :
Lugar de la reunión [NR] Philadelphia)
9 (RLIN) 88937
245 10 - MENCION DE TITULO [NR]
Título [NR] Proceedings of the International Consensus Meeting on Periprosthetic Joint Infection
Mención de responsabilidad, etc. [NR] chairs Javad Parvizi, Thorsten Gehrke
246 3# - FORMA VARIANTE DEL TITULO [R]
Título propiamente dicho/forma breve del título [NR] Periprosthetic Joint Infection
260 ## - PUBLICACION, DISTRIBUCION, ETC. (PIE DE IMPRENTA) [R]
Lugar de publicación, distribución, etc. [R] Brooklandville
Nombre del editor, distribuidor, etc. [R] Data Trace Publishing Company
Fecha de publicación, distribución, etc. [R] 2013
300 ## - DESCRIPCION FISICA [R]
Extensión [R] 304 páginas
Otros detalles físicos [NR] gráficas
546 ## - NOTA DE IDIOMA [R]
Nota de idioma [NR] Texto en inglés
650 #7 - ASIENTO SECUNDARIO DE MATERIA - TERMINO TEMATICO [R]
Término temático o nombre geográfico como elemento de entrada [NR] Infecciones de las articulaciones
9 (RLIN) 17520
650 #7 - ASIENTO SECUNDARIO DE MATERIA - TERMINO TEMATICO [R]
Término temático o nombre geográfico como elemento de entrada [NR] Infecciones
Subdivisión general [R] Efectos secundarios
9 (RLIN) 17511
650 #7 - ASIENTO SECUNDARIO DE MATERIA - TERMINO TEMATICO [R]
Término temático o nombre geográfico como elemento de entrada [NR] Medicina
Subdivisión general [R] Cirugía
9 (RLIN) 7820
650 #7 - ASIENTO SECUNDARIO DE MATERIA - TERMINO TEMATICO [R]
Término temático o nombre geográfico como elemento de entrada [NR] Prótesis articulares
Subdivisión general [R] Efectos secundarios
9 (RLIN) 22665
700 12 - ASIENTO SECUNDARIO - NOMBRE PERSONAL [R]
Nombre personal [NR] Parvizi, Javad
9 (RLIN) 88938
700 1# - ASIENTO SECUNDARIO - NOMBRE PERSONAL [R]
Nombre personal [NR] Gehrke, Thorsten
9 (RLIN) 88939
942 ## - ELEMENTOS DE ENTRADA AGREGADOS (KOHA)
Sistema de clasificación NLM
Tema principal Medicina
Tipo de ítem principal el descrito en 300a Libro
Edición 1
Clasificación WE 860
Parte restante de la signatura top. P963i
Título oculto en OPAC No
Existencias
Total préstamos Signatura topográfica Código de barras Última vez visto Ejemplar Costo de reposición Price effective from Tipo de ítem Perdido Sistema de clasificación Dañado No prestable Tipo de ítem específico Suprimido Ubicación habitual Ubicación actual Localización Fecha de creación Proveedor Forma de adquisición Costo
  WE 860 P963i 100155299 01/12/2025 Ej.1 26000.00 14/11/2017 Libro   NLM     Libro   Fundación Cardioinfantil Fundación Cardioinfantil 1er piso 14/11/2017 12 Donación 26000.00